000 01147nas a22002054i 4500
999 _c64821
_d64821
001 768714001
003 CO-MdFUSB
005 20190215162410.0
008 190215s1995 sp ||||| |||| 00| 0 spa d
022 _a0210-104
040 _cCO-MdFUSB
_dCO-MdFUSB
_aCO-MdFUSB
_bspa
041 _aspa
100 _aHäring, Hermann
_eautor
245 0 3 _aLa fe cristiana en el Dios Trino y Uno
_c/ Hemann Häring
300 _aNúmero 258 (1995), páginas 237-252
_c: 21 cm
520 _aLas bibliotecas están llenas de obras sobre la fe cristiana en el Dios trino y uno. Comenzaron a escribirse en el siglo II de nuestra era y no han dejado de escribirse hasta el momento presente. Todos los grandes teólogos han hablado sobre el tema. A la vista del diálogo interreligioso, el debate ha entrado en una nueva fase. Vamos a estudiar en el presente artículo los malentendidos y quizá las ilegítimas provocaciones que contiene la fe en el Dios trino y uno.
650 7 _9178
_aDios
773 0 _049450
_960422
_oR0850
_tRevista internacional de teología Concilium
_w(CO-MdFUSB)8
_x0210-1041
_gNúmero 258 (1995), páginas 237-252
_qPágina 237
942 _cANA